| 000 | 00446nam a22001697a 4500 | ||
|---|---|---|---|
| 999 |
_c5578 _d5578 |
||
| 003 | GBCCL | ||
| 005 | 20241126110545.0 | ||
| 008 | 180327b ||||| |||| 00| 0 eng d | ||
| 040 | _cgbc | ||
| 082 |
_a252 _bHOL |
||
| 100 |
_aHolden, J. Stuart _910066 |
||
| 245 |
_aThe Pre-eminent Lord and other sermons / _cJ. Stuart Holden |
||
| 260 |
_aLondon: _bHodder and Stoughton |
||
| 300 |
_a240 p.; _c21 cm. |
||
| 650 |
_aSermons _96067 |
||
| 942 |
_2ddc _cBK |
||